Administración de empresas pequeñas y medianas (Registro nro. 2340)
[ vista simple ]
| 000 -LEADER | |
|---|---|
| fixed length control field | 01673 a2200217 4500 |
| 001 - CONTROL NUMBER | |
| control field | 33371 |
| 005 - DATE AND TIME OF LATEST TRANSACTION | |
| control field | 20260407155626.0 |
| 008 - FIXED-LENGTH DATA ELEMENTS--GENERAL INFORMATION | |
| fixed length control field | 260407a1982 arg spa d |
| 003 - CONTROL NUMBER IDENTIFIER | |
| control field | AR-UNSa-BCEJYS |
| 040 ## - CATALOGING SOURCE | |
| Original cataloging agency | AR-UNSa-BCEJYS |
| Language of cataloging | spa |
| Transcribing agency | AR-UNSa-BCEJYS |
| 080 ## - UNIVERSAL DECIMAL CLASSIFICATION NUMBER | |
| Universal Decimal Classification number | 658.017.2/3 |
| Common auxiliary subdivision | Tamaño de la empresa (Pymes) |
| 020 ## - INTERNATIONAL STANDARD BOOK NUMBER | |
| International Standard Book Number | 968-18-1348-0 |
| 100 1# - MAIN ENTRY--PERSONAL NAME | |
| Personal name | Pickle, Hal B. |
| 245 10 - TITLE STATEMENT | |
| Title | Administración de empresas pequeñas y medianas |
| 264 #1 - PRODUCTION, PUBLICATION, DISTRIBUTION, MANUFACTURE, AND COPYRIGHT NOTICE | |
| Place of production, publication, distribution, manufacture | México : |
| Name of producer, publisher, distributor, manufacturer | Limusa |
| Date of production, publication, distribution, manufacture, or copyright notice | 1982 |
| 300 ## - PHYSICAL DESCRIPTION | |
| Extent | 568 p. |
| Dimensions | 23 cm. |
| 505 ## - FORMATTED CONTENTS NOTE | |
| Formatted contents note | I. Medio ambiente y propiedad de la pequeña empresa : 1. La pequeña empresa y su medio ambiente - 2. El empresario - 3. Propiedad - II : La empresa pequeña y los concesionarios: 4. Empresa minoristas y de servicios - 5. Mayoristas y fabircantes - 6. Concesiones - III: Establecimiento de la empresa: 7. Decisiones de comprar una empresa existente o iniciar una nueva - 8. Ubicación - 9. Instalaciones físicas - IV. Control administrativo: 11. Administración y relaciones con el empleado - 12. Administración de personal -13. Control finaniciero y control de caja - 14. Análisis de los estados contables - V. Control de la mercancia y de los seguros: 15. Compras - 16. Control de inventarios - 17. Riesgos, póliza de seguros y robo - VI: Mercaderia del producto o del servcicio : 18. Mercadotecnia - 19. Precios - 20. Comportamiento del consumidor y ventas personales - 21. Publicidad y promoción de ventas - 22. Crédito al consumidor - VII. El gobierno y los pequeños negocios : 23. Consideraciones legales - 24. Control y asistencia gubernamentales - |
| 590 ## - LOCAL NOTE (RLIN) | |
| Local note | niveau_biblio:m niveau_hierar:0 |
| 700 1# - ADDED ENTRY--PERSONAL NAME | |
| Personal name | Abrahamson, Royce L. |
| 942 ## - ADDED ENTRY ELEMENTS (KOHA) | |
| Koha item type | |
| Withdrawn status | Lost status | Damaged status | Not for loan | Home library | Current library | Shelving location | Date acquired | Total checkouts | Full call number | Barcode | Date last seen | Price effective from | Koha item type |
|---|---|---|---|---|---|---|---|---|---|---|---|---|---|
| Biblioteca Prof. Eusebio Cleto del Rey | Biblioteca Prof. Eusebio Cleto del Rey | 07/04/2026 | 658.017.2/3 P594 | L39076 | 07/04/2026 | 07/04/2026 | Libro |